000 00988nas a2200337 4500
001 BR2011006524
003 BR-BrBNA
005 20231205115214.0
007 ta
008 230509b bl.|||p| |||| 00| 00por d
040 _aBR-BrBNA
_bpor
_cBiblioteca Nacional de Agricultura
041 _a(En)
072 _aL73
100 1 _aSangioni, L.A.
100 1 _aVogel, F.F.S.
100 1 _aCadore, G.C.
100 1 _aHilger, R.B.
100 1 _aTonim, R.
100 1 _aPacheco, R.C.
100 1 _aOgrzewalska, M.
100 1 _aLabruna, M.B.
245 1 _aRickettsial infection in Cerro Largo, state of Rio Grande do Sul, Brazil
650 _aEQUINO
650 _aCÃO
650 _aINFECÇÃO
650 _aIMUNOFLUESCENCIA
650 _aRIO GRANDE DO SUL
773 0 _tArquivo Brasileiro de Medicina Veterinária e Zootecnia (Brazil)
_xISSN 0102-0935
_g(Apr 2011), v. 63(2) p. 511-514
_wBR2011006524
909 _a202311
_bLúcia
_c55
_dLúcia Elande
942 _2AGRIS
_n0
_cANA
999 _c212602
_d212602